• 首页
  • 本馆介绍
  • 公告通知
  • 最新文献
  • 馆藏检索
  • 电子资源
  • 读者导购
  • 参考咨询
  • 我的图书馆
  • 登录
  • 详细信息显示
  • 放入我的书架
  • 预约/预借图书
  • 作者相关作品
  • 分类相关作品
  • 丛书相关作品
  • 出版社相关作品

书目信息

  • 表格格式
  • 工作单格式
  • 卡片格式
题名:
电视新闻语言
    
 
作者: 崔林 著
分册:  
出版信息: 北京   中国广播电视出版社  2009.06
页数: 118页
开本: 24cm
丛书名: 中国传媒大学电视系博士文库
单 册:
中图分类: G220
科图分类:
主题词: 电视新闻--新闻语言--研究 , 电视新闻 , 新闻语言
电子资源:
ISBN: 978-7-5043-5813-4
000 00975oam2 2200289 450
001 010010038563
005 20130627100847.48
010    @a978-7-5043-5813-4@dCNY17.00
100    @a20090807d2009 em y0chiy0110 ea
101 0  @achi
102    @aCN@b110000
105    @aak z 000yy
106    @ar
200 1  @a电视新闻语言@9dian shi xin wen yu yan@e模式·符号·叙事@f崔林著
210    @a北京@c中国广播电视出版社@d2009.06
215    @a118页@c图@d24cm
225 2  @a中国传媒大学电视系博士文库
330    @a本书内容包括:媒介进化:沉默的双螺旋、电视传播模式:人际的拟态、电视新闻的符号元素与性质、电视新闻的符号构成与关系、电视新闻的符号组合与结构等。
461  0 @12001 @a中国传媒大学电视系博士文库
517 1  @a模式·符号·叙事@9mo shi· fu hao· xu shi
606 0  @a电视新闻@x新闻语言@x研究
606 0  @a电视新闻
606 0  @a新闻语言
690    @aG220@v4
701  0 @a崔林@9cui lin@4著
801  0 @aCN@bRENTIAN@c20090807
905    @b546579-83@dG220@e160@f5
    
    电视新闻语言:模式·符号·叙事/崔林著.-北京:中国广播电视出版社,2009.06
    118页:图;24cm.-(中国传媒大学电视系博士文库)
    
    
    ISBN 978-7-5043-5813-4:CNY17.00
    本书内容包括:媒介进化:沉默的双螺旋、电视传播模式:人际的拟态、电视新闻的符号元素与性质、电视新闻的符号构成与关系、电视新闻的符号组合与结构等。
●
相关链接 在E读中查询图书 在五车中查询图书 在当当中查询图书 在豆瓣中查询图书


正题名:电视新闻语言     索取号:G220/160         预约/预借

序号 登录号 条形码 馆藏地/架位号 状态 备注
1 546579   205465799   第一样本阅览室/ [索取号:G220/160] 在馆    
2 546580   205465806   第四借阅区/ [索取号:G220/160] 在馆    
3 546581   205465815   密集书库-文学院/ [索取号:G220/160] 在馆    
4 546582   205465824   第四借阅区/ [索取号:G220/160] 在馆    
5 546583   205465833   第四借阅区/ [索取号:G220/160] 在馆    
唐山师范学院图书馆 欢迎您!
大连网信软件有限公司© 版权所有